Teórie a vývoj ochrany vynálezov

Bibliographic Details
Main Author: Korbačka, Teodor (Author)
Format: Book
Language:Slovak
PhysicalDescription:159 s. tab. 29 cm
Published: Bratislava Slovenská vysoká škola technická 1979
Edition:2. vyd.
Subjects:

MARC

LEADER 00000cam a2200000 a 4500
001 vtls001107072
003 SK-MaSNL
005 20260301055418.0
008 250313s1979 xo a p 000 0 slo
015 |a SNBA1980 
035 |a SNK000049914 
035 |a urn:nbn:sk:snk-aml8l2 
035 |a urn:nbn:sk:snk-am008sj3 
035 |a 33A91D4A-35A6-4F89-9083-435FDC44DAEF 
040 |a SNK  |b slo  |c SNK  |e AACR2 
041 0 |a slo 
044 |a xo  |c SK 
080 |a 608:347.77(075.8)  |2 1981 
080 |a 347.77(075.8)  |2 1981 
080 |a 347.77  |2 1981 
080 |a 608(075.8)  |2 1981 
100 1 |a Korbačka, Teodor  |4 aut  |9 279802 
245 1 0 |a Teórie a vývoj ochrany vynálezov  |c Teodor Korbačka 
250 |a 2. vyd. 
260 |a Bratislava  |b Slovenská vysoká škola technická  |c 1979 
300 |a 159 s.  |b tab.  |c 29 cm 
366 |e 100 výt. 
500 |a Schválil Rektorát SVŠT v Bratislave ako skriptum 
504 |a Bibliogr. 
650 0 7 |a vynálezy  |2 SNKPH  |9 301857 
650 0 7 |a právo  |2 SNKPH  |9 976 
655 7 |a učebnice vysokých škôl  |2 SNKPH  |9 70191 
852 |a Slovenská národná knižnica 
958 |a OND 
958 |a NB 
999 |c 613302  |d 615232 
952 |t P60, <04>, [BOOK], {604}  |a SNK  |b SNK  |y VYP  |7 0  |p 17A0123436  |o snkSB 29111 D1  |i snkKSP 396/80  |0 0  |1 0  |4 0  |d 1998-02-18  |l 0  |r 2004-12-31 00:00:00  |w 2026-02-23 
952 |a SNK  |b SNK  |y PREZ  |7 0  |p 17A0972848  |o snkSB 29111  |i snkKSP 395/80  |0 0  |1 0  |4 0  |d 2012-07-30  |f 1  |l 0  |r 2025-04-03 00:00:00  |w 2026-02-23